[Event "Santa Rosa op 3rd"]
[Site "Santa Rosa"]
[Date "2018.07.09"]
[Round "5.20"]
[White "Olguin, Adolfo"]
[Black "Serra, Alfonso"]
[Result "0-1"]
[WhiteElo "1410"]
[BlackElo "1561"]
[PlyCount "46"]
[EventDate "2018.07.07"]
[EventType "swiss"]
[EventRounds "6"]
[EventCountry "ARG"]
[SourceTitle "EXT 2024"]
[Source "ChessBase"]
[SourceDate "2023.10.10"]
[SourceVersion "1"]
[SourceVersionDate "2023.10.10"]
[SourceQuality "1"]

1. d4 Nf6 2. Nf3 g6 3. e3 Bg7 4. c4 d6 5. Nc3 0-0 6. Be2 Nbd7 7. d5 a5 8. 0-0 Nc5 9. Na4 Nce4 10. Nd4 e5 11. dxe6 fxe6 12. f3 Ng5 13. e4 Nf7 14. Be3 Qe7 15. Nc3 d5 16. cxd5 exd5 17. Bd3 c5 18. e5 Nxe5 19. Nxd5 Nxd5 20. Nb5 Nxe3 21. Qb3+ Be6 22. Qc3 Nxf3+ 23. gxf3 Qg5+ 0-1